000 00725nam a2200253Ia 4500
003 OSt
005 20220927105719.0
006 a|||||r|||| 00| 0
007 ta
008 220926b |||||||| |||| 00| 0 eng d
024 _a200497
037 _cReference Collections
040 _aRTL
_cRTL
_beng
041 _2eng
_aeng
082 _a"X:77.20r73.N6, K2"
100 _aLewis John p
245 0 _aQuiet crisis in india economic development and american policy
260 _aLondon
_bNew york
_c1962
300 _axii 352p
_ccm.
490 _aIndian Century
500 _aBibliography: p 329-50
942 _h"X:77.20r73.N6, K2"
_cCC
999 _c694066
_d694066